<?xml version="1.0" encoding="UTF-8"?>
<collection xmlns="http://www.loc.gov/MARC21/slim">
 <record>
  <leader>04757nam a2200385 a 4500</leader>
  <controlfield tag="001">kal2377</controlfield>
  <controlfield tag="003">Gr-AtHEAL</controlfield>
  <controlfield tag="005">20160421101432.0</controlfield>
  <controlfield tag="006">m        d        </controlfield>
  <controlfield tag="008">160413s2015    gr      s           gre|c</controlfield>
  <datafield tag="020" ind1=" " ind2=" ">
   <subfield code="a">9789606032189</subfield>
  </datafield>
  <datafield tag="040" ind1=" " ind2=" ">
   <subfield code="a">GR-AtHEAL</subfield>
   <subfield code="b">gre</subfield>
   <subfield code="c">GR-AtHEAL</subfield>
  </datafield>
  <datafield tag="082" ind1="0" ind2="4">
   <subfield code="a">327</subfield>
   <subfield code="2">23</subfield>
  </datafield>
  <datafield tag="100" ind1="1" ind2=" ">
   <subfield code="a">Χουλιάρας, Αστέριος.</subfield>
   <subfield code="8">194</subfield>
  </datafield>
  <datafield tag="245" ind1="1" ind2="0">
   <subfield code="a">Οι σχέσεις της Αφρικής με τον κόσμο και την Ευρώπη </subfield>
   <subfield code="h">[Ηλεκτρονικός πόρος] </subfield>
   <subfield code="c">Χουλιάρας, Αστέριος ;  Πετρόπουλος, Σωτήριος ;  Κριτικός αναγνώστης,Ρούσσος, Σωτήριος ;  Τεχνική επιμέλεια, Λουκέρη, Σοφία.</subfield>
  </datafield>
  <datafield tag="260" ind1=" " ind2=" ">
   <subfield code="a">Αθήνα :</subfield>
   <subfield code="b">Σύνδεσμος Ελληνικών Ακαδημαϊκών Βιβλιοθηκών,</subfield>
   <subfield code="c">c2015.</subfield>
  </datafield>
  <datafield tag="490" ind1=" " ind2=" ">
   <subfield code="a">Ακαδημαϊκά Ηλεκτρονικά Συγγράμματα και Βοηθήματα Κάλλιπος</subfield>
   <subfield code="8">40</subfield>
  </datafield>
  <datafield tag="520" ind1=" " ind2=" ">
   <subfield code="a">Σκοπός του βιβλίου είναι η εξοικείωση των φοιτητών/τριών με την Αφρική. Με την εξαίρεση ορισμένων χωρών της Βόρειας Αφρικής, η ήπειρος είναι σε μεγάλο βαθμό terra incognita στην Ελλάδα. Κατά τη διάρκεια του Ψυχρού Πολέμου η Αφρική ήταν πεδίο ανταγωνισμού των δύο υπερδυνάμεων. Από τις αρχές του 21ου αιώνα, υψηλότεροι ρυθμοί οικονομικής ανάπτυξης, το αυξημένο ενδιαφέρον της Κίνας και ορισμένοι άλλοι παράγοντες (όπως η μετανάστευση, οι ένοπλες συγκρούσεις και οι απειλές για το περιβάλλον) έχουν προσελκύσει το παγκόσμιο ενδιαφέρον για την ήπειρο. Ιδιαίτερα οι σχέσεις με την Ευρωπαϊκή Ένωση έχουν ενδυναμωθεί σημαντικά σε μια πλειάδα τομέων. Η μελέτη των διεθνών σχέσεων της Αφρικής είναι ιδιαίτερα ενδιαφέρουσα γιατί περιλαμβάνει κρατικούς και μη κρατικούς δρώντες σ’ ένα περιβάλλον όπου συχνά η επιβίωση των καθεστώτων είναι το μείζον. Το προτεινόμενο βιβλίο θα δώσει τη δυνατότητα να εξοικειωθούν οι φοιτητές με τη θέση της Αφρικής στο παγκόσμιο σύστημα και πάνω απ’ όλα τις σχέσεις της με την Ευρωπαϊκή Ένωση.Αυτή τη στιγμή και με την εξαίρεση του βιβλίου του Basil Davidson &quot;Ιστορία της Αφρικής&quot; (εξαντλημένο) δεν υπάρχει άλλο ελληνόγλωσσο βιβλίο για την Υποσαχαρική Αφρική. Αλλά και το βιβλίο του Davidson είναι ιστορικό και ολοκληρώνεται με το τέλος της αποικιοκρατίας.</subfield>
  </datafield>
  <datafield tag="650" ind1=" " ind2="0">
   <subfield code="a">Africa</subfield>
   <subfield code="x">Foreign relations</subfield>
   <subfield code="x">Europe</subfield>
   <subfield code="8">1991</subfield>
  </datafield>
  <datafield tag="653" ind1=" " ind2=" ">
   <subfield code="a">Σχέσεις Βορρά-Νότου</subfield>
  </datafield>
  <datafield tag="653" ind1=" " ind2=" ">
   <subfield code="a">Διεθνείς Σχέσεις</subfield>
  </datafield>
  <datafield tag="653" ind1=" " ind2=" ">
   <subfield code="a">Αφρική</subfield>
  </datafield>
  <datafield tag="653" ind1=" " ind2=" ">
   <subfield code="a">Πολιτικές επιστήμες</subfield>
   <subfield code="a">Διεθνής πολιτική</subfield>
   <subfield code="a">Διεθνείς σχέσεις, διεθνές σύστημα</subfield>
   <subfield code="a">Γεωπολιτική</subfield>
  </datafield>
  <datafield tag="653" ind1=" " ind2=" ">
   <subfield code="a">Πολιτικές επιστήμες</subfield>
   <subfield code="a">Εξωτερική πολιτική</subfield>
  </datafield>
  <datafield tag="653" ind1=" " ind2=" ">
   <subfield code="a">Πολιτικές επιστήμες</subfield>
   <subfield code="a">Διεθνής πολιτική</subfield>
  </datafield>
  <datafield tag="653" ind1=" " ind2=" ">
   <subfield code="a">Δημογραφία</subfield>
   <subfield code="a">Ανθρωπογεωγραφία</subfield>
   <subfield code="a">Πολιτική γεωγραφία</subfield>
  </datafield>
  <datafield tag="653" ind1=" " ind2=" ">
   <subfield code="a">Πολιτικές επιστήμες</subfield>
   <subfield code="a">Διεθνής πολιτική</subfield>
   <subfield code="a">Διεθνείς σχέσεις, διεθνές σύστημα</subfield>
  </datafield>
  <datafield tag="653" ind1=" " ind2=" ">
   <subfield code="a">Γεωπολιτική</subfield>
  </datafield>
  <datafield tag="700" ind1="1" ind2=" ">
   <subfield code="a">Πετρόπουλος, Σωτήριος</subfield>
   <subfield code="e">Συγγραφέας</subfield>
   <subfield code="8">195</subfield>
  </datafield>
  <datafield tag="700" ind1="1" ind2=" ">
   <subfield code="a">Ρούσσος, Σωτήριος</subfield>
   <subfield code="e">Κριτικός αναγνώστης</subfield>
   <subfield code="8">196</subfield>
  </datafield>
  <datafield tag="856" ind1="4" ind2="0">
   <subfield code="u">http://hdl.handle.net/11419/2377</subfield>
   <subfield code="z">Πλήρες Κείμενο - Full text</subfield>
  </datafield>
  <datafield tag="907" ind1=" " ind2=" ">
   <subfield code="a">.b2568100x</subfield>
   <subfield code="b">12-06-18</subfield>
   <subfield code="c">29-07-16</subfield>
  </datafield>
  <datafield tag="949" ind1=" " ind2=" ">
   <subfield code="0">0</subfield>
   <subfield code="1">0</subfield>
   <subfield code="2">ddc</subfield>
   <subfield code="4">0</subfield>
   <subfield code="6">327_000000000000000_ΧΟΥ</subfield>
   <subfield code="7">0</subfield>
   <subfield code="8">KALL</subfield>
   <subfield code="8">859</subfield>
   <subfield code="d">2016-04-13</subfield>
   <subfield code="r">2016-04-13</subfield>
   <subfield code="w">2016-04-13</subfield>
   <subfield code="z">327 ΧΟΥ</subfield>
   <subfield code="o">SEAB KALLIPOS</subfield>
  </datafield>
  <datafield tag="998" ind1=" " ind2=" ">
   <subfield code="a">80</subfield>
   <subfield code="a">01</subfield>
   <subfield code="a">02</subfield>
   <subfield code="a">03</subfield>
   <subfield code="a">04</subfield>
   <subfield code="a">05</subfield>
   <subfield code="a">06</subfield>
   <subfield code="a">07</subfield>
   <subfield code="a">08</subfield>
   <subfield code="a">09</subfield>
   <subfield code="a">10</subfield>
   <subfield code="a">11</subfield>
   <subfield code="a">12</subfield>
   <subfield code="a">13</subfield>
   <subfield code="a">14</subfield>
   <subfield code="a">15</subfield>
   <subfield code="a">16</subfield>
   <subfield code="a">17</subfield>
   <subfield code="a">18</subfield>
   <subfield code="a">19</subfield>
   <subfield code="a">20</subfield>
   <subfield code="a">21</subfield>
   <subfield code="a">22</subfield>
   <subfield code="a">23</subfield>
   <subfield code="a">24</subfield>
   <subfield code="a">25</subfield>
   <subfield code="a">26</subfield>
   <subfield code="b">22-05-17</subfield>
   <subfield code="c">m</subfield>
   <subfield code="d">z  </subfield>
   <subfield code="e">-</subfield>
   <subfield code="f">gre</subfield>
   <subfield code="g">gr </subfield>
   <subfield code="h">0</subfield>
  </datafield>
  <datafield tag="942" ind1=" " ind2=" ">
   <subfield code="2">ddc</subfield>
   <subfield code="c">KALLIPOS</subfield>
  </datafield>
 </record>
</collection>
